00967nam a22002777a 45000010005000000030006000050050017000110080041000280200015000690400029000840500016001130820008001291000028001372450085001652600037002503000044002874900033003315050008003645200167003725210020005395210020005596500027005796500022006066500025006287000036006535276FISKH20241122122830.0241122b cb ||||| |||| 00| 0 eng d a0590134701 aFISKHbengcFISKHdFISKH aPS3557.E485 a998 aGeorge, Jean Craighead  aJulie of the Wolves :bWinner of the Newberry Medal /cby Jean Craighead George  aNew York : bScholastic ;c1972. a170 pages : billustrations ;c18 cm .  a Julie of the WolvesvBook 1 aU  aWhile running away from home and an unwanted marriage, a thirteen-year-old Eskimo girl becomes lost on the North Slope of Alaska and is befriended by a wolf pack.8 a860 bLexile 8 aU bRaz-Plus  aNewbery Medalvfiction asurvivalvfiction ayoung adultvfiction aSchoenherr, John eillustrator